000 00953nam a22003017a 4500
003 CHAP
005 20220329135522.0
008 971013s1946 r 00010 d
010 _a37935
011 _a38907
035 _a43027
040 _cCHAP
082 _a630.972
_bQ85g
100 0 0 _aQuintanar, Francisco.
_993394
245 _aGuanajuato, estudios agrícolas
260 _a(s.l.) :
_b(s.e.),
_c1946
300 _a152 p.
500 _aMimeógrafo
590 _aBATCH-UPD
_b10
_c20130110
_lUCH01
_h0147
590 _aBATCH-UPD
_b10
_c20130110
_lUCH01
_h2322
590 _aCONVERSION
_b10
_c20130109
_lUCH01
_h1321
650 1 4 _aAgricultura
_zGuanajuato.
_91927
901 _aBK
942 _cLIBRO
949 _a630.972 Q85g
_bBC
_cLIBRO
_d33724000048641
_eLIBRO
_fc.3
_h20408
_i43027
_si
949 _a630.972 Q85g
_bBC
_cLIBRO
_d33724000048658
_eLIBRO
_h20406
_i43027
_si
949 _a630.972 Q85g
_bBC
_cLIBRO
_d33724000048666
_eLIBRO
_fc.2
_h20407
_i43027
_si
999 _c37935
_d37935